A sportturizmus hatása a turizmus szezonalitására Esettanulmány a Valentin Playa de Muro Hotel példája alapján

Bibliographic Details
Main Author: Gorell Flóra Mónika
Other Authors: Horváth Vanda
Format: Project work
Kulcsszavak:nemzetközi turizmus
Spanyolország
sport
szezonalitás
turizmus
Online Access:http://dolgozattar.uni-bge.hu/60085

MARC

LEADER 00000nnm a2200000 i 4500
001 dolg60085
005 20260409145952.0
008 260409suuuu hu o 000 hun d
040 |a BGE Dolgozattár Repozitórium  |b hun 
041 |a hu 
100 1 |a Gorell Flóra Mónika 
245 1 2 |a A sportturizmus hatása a turizmus szezonalitására Esettanulmány a Valentin Playa de Muro Hotel példája alapján  |c Gorell Flóra Mónika  |h [elektronikus dokumentum] 
516 |a Project_work 
520 3 |a A dolgozatom központi vizsgálata az lett, hogy a sportturizmus milyen mértékben tud hozzájárulni a szezonális ingadozások csökkentéséhez. Válaszokat keresem az alábbi kérdésekre: milyen eszközökkel és szolgáltatásokkal tud egy szálláshely (ebben az esetben a Valentin Playa de Muro Hotel) olyan vendégkört megszólítani és esetleg megtartani, akik nem kizárólag a nyári főszezonban érkeznek? Ezen kívül milyen szerepet játszanak és hogyan tudják befolyásolni a sportolási lehetőségek és sportesemények egy turisztikai desztinációt, úgy, hogy az vonzó maradjon a kevésbé közkedvelt időszakokban is? 
695 |a nemzetközi turizmus 
695 |a Spanyolország 
695 |a sport 
695 |a szezonalitás 
695 |a turizmus 
700 1 |a Horváth Vanda  |e ths 
856 4 0 |u http://dolgozattar.uni-bge.hu/60085/1/Gorell_Flora_projektmunka.pdf  |z Dokumentum-elérés 
856 4 0 |u http://dolgozattar.uni-bge.hu/60085/2/B%C3%ADr%C3%A1lati%20lap_FOSZK_GorellFlora_HV.pdf  |z Dokumentum-elérés